Tanzimat Edebiyatı 2. Dönem Eser-Yazar Eşleştirme - Statistics

General Stats
  • This quiz has been taken 806 times
  • The average score is 14 of 22
Answer Stats
Eser Yazar % Correct
Araba Sevdası Recaizade Mahmut Ekrem
98%
Sergüzeşt Samipaşazade Sezai
80%
Küçük Şeyler Samipaşazade Sezai
79%
Makber Abdülhak Hamit Tarhan
78%
Karabibik Nabizade Nazım
78%
Zehra Nabizade Nazım
76%
Demdeme Muallim Naci
75%
Zemzeme Recaizade Mahmut Ekrem
75%
Sahra Abdülhak Hamit Tarhan
73%
Validem Abdülhak Hamit Tarhan
70%
Ömer'in Çocukluğu Muallim Naci
70%
Ateşpare Muallim Naci
65%
Eşber Abdülhak Hamit Tarhan
61%
Ölü Abdülhak Hamit Tarhan
60%
Şerâre Muallim Naci
59%
Nesteren Abdülhak Hamit Tarhan
58%
Köylü Kızların Şarkısı Muallim Naci
57%
Afife Anjelik Recaizade Mahmut Ekrem
57%
Çok Bilen Çok Yanılır Recaizade Mahmut Ekrem
54%
Muhsin Bey Recaizade Mahmut Ekrem
48%
Heves Ettim Nabizade Nazım
39%
Kudemadan Birkaç Şair Recaizade Mahmut Ekrem
36%
No matching quizzes found
Score Distribution
Percent of People with Each Score
Percentile by Number Answered
Your Score History
You have not taken this quiz